[Event "HUN-chT U18"]
[Site "Miskolc"]
[Date "2008.10.30"]
[Round "7.12"]
[White "Remenyi, Szilard"]
[Black "Balint, Daniel"]
[Result "0-1"]
[WhiteElo "1814"]
[BlackElo "1751"]
[PlyCount "96"]
[EventDate "2008.10.27"]
[EventType "team-swiss"]
[EventRounds "8"]
[EventCountry "HUN"]
[SourceTitle "EXT 2016"]
[Source "ChessBase"]
[SourceDate "2015.10.08"]
[SourceVersion "1"]
[SourceVersionDate "2015.10.08"]
[SourceQuality "1"]

1. e4 c5 2. Nf3 d6 3. d4 cxd4 4. Nxd4 Nf6 5. Nc3 a6 6. Bg5 e6 7. Qd3 Be7 8. 0-0-0 Nbd7 9. f4 Qc7 10. Be2 b5 11. Bf3 Bb7 12. Rde1 Rc8 13. Bxf6 Bxf6 14. Ndxb5 axb5 15. Nxb5 Qb6 16. Nxd6+ Kf8 17. e5 Nc5 18. Qe3 Be7 19. Nxc8 Bxc8 20. Qc3 Ba6 21. g4 g6 22. f5 gxf5 23. gxf5 Rg8 24. f6 Bd8 25. Qe3 Ke8 26. Rd1 Bc7 27. Qd2 Bb5 28. Be2 Bc6 29. Rhf1 Bxe5 30. c3 Bc7 31. Qh6 Be4 32. Qd2 Rg2 33. b4 Nd3+ 34. Kb1 Nxb4+ 35. Kc1 Nd3+ 36. Bxd3 Rxd2 37. Rxd2 Bxd3 38. Rxd3 Qa6 39. Rdd1 Qxa2 40. h3 Be5 41. Rf3 Qa3+ 42. Kd2 Qb2+ 43. Ke1 Bxc3+ 44. Kf1 Qb5+ 45. Kg1 Qg5+ 46. Kh1 Bxf6 47. Rg1 Qd5 48. Kg2 Ke7 0-1